Zambia review. (15th edition) (Record no. 83411)

MARC details
000 -LEADER
fixed length control field 00823nam a2200181 a 4500
008 - FIXED-LENGTH DATA ELEMENTS--GENERAL INFORMATION
fixed length control field 150806s2015 ||||||||||||||||| || u
050 ## - LIBRARY OF CONGRESS CALL NUMBER
Classification number ZAM HC 517.R42 Zam
110 ## - MAIN ENTRY--CORPORATE NAME
Corporate name or jurisdiction name as entry element The Government of the Republic of Zambia
245 10 - TITLE STATEMENT
Title Zambia review. (15th edition)
Statement of responsibility, etc. by The Government of the Republic of Zambia (GRZ)
250 ## - EDITION STATEMENT
Edition statement 15th edition
260 ## - PUBLICATION, DISTRIBUTION, ETC.
Place of publication, distribution, etc. Lusaka
Date of publication, distribution, etc. 2015
300 ## - PHYSICAL DESCRIPTION
Extent 136 pages : illustration
650 ## - SUBJECT ADDED ENTRY--TOPICAL TERM
Topical term or geographic name entry element ECONOMIC ACTIVITIES-ZAMBIA
650 ## - SUBJECT ADDED ENTRY--TOPICAL TERM
Topical term or geographic name entry element ECONOMIC SECTORS-ZAMBIA
650 ## - SUBJECT ADDED ENTRY--TOPICAL TERM
Topical term or geographic name entry element ECONOMIC AND SOCIAL DEVELOPMENT--ZAMBIA
995 ## -
-- SPECIAL COLLECTIONS
-- 3526
-- CBU-MAIN LIBRARY (Kitwe)
-- ZAM HC 517.R42 Zam
-- 5
-- AVAILABLE
-- Apr 10, 2018
-- B3526
-- Zambiana Collection
995 ## -
-- SPECIAL COLLECTIONS
-- 3525
-- CBU-MAIN LIBRARY (Kitwe)
-- ZAM HC 517.R42 Zam
-- 4
-- AVAILABLE
-- Apr 10, 2018
-- B3525
-- Zambiana Collection
999 ## -
-- 83411
-- 83411
Holdings
Withdrawn status Lost status Source of classification or shelving scheme Damaged status Not for loan Permanent Location Current Location Shelving location Date acquired Total Checkouts Full call number Barcode Date last seen Copy number Price effective from Koha item type
          CBU-MAIN LIBRARY, KITWE. CBU-MAIN LIBRARY, KITWE.   10/30/2023   ZAM HC 517.R42 Zam B3526 10/30/2023 1 10/30/2023 SPECIAL COLLECTION
          CBU-MAIN LIBRARY, KITWE. CBU-MAIN LIBRARY, KITWE.   10/30/2023   ZAM HC 517.R42 Zam B3525 10/30/2023 2 10/30/2023 SPECIAL COLLECTION